50 People, 50 States - Statistics

General Stats
  • This quiz has been taken 65 times
  • The average score is 28 of 50
Answer Stats
Person State % Correct
Barack Obama Hawaii
93%
Bill Clinton Arkansas
90%
George Washington Virginia
90%
Joe Biden Delaware
88%
Rosa Parks Alabama
86%
Abraham Lincoln Kentucky
83%
Elvis Presley Mississippi
81%
Louis Armstrong Louisiana
79%
Benjamin Franklin Massachusetts
79%
Frank Sinatra New Jersey
79%
Neil Armstrong Ohio
74%
Ariana Grande Florida
71%
Martin Luther King Jr. Georgia
69%
Theodore Roosevelt New York
69%
Matt Groening Oregon
69%
Jimi Hendrix Washington
69%
Andy Griffith North Carolina
64%
Bob Dylan Minnesota
62%
Garth Brooks Oklahoma
62%
Dwayne Johnson California
57%
Tim Allen Colorado
57%
Jack London Alaska
52%
Emma Stone Arizona
52%
John Wilkes Booth Maryland
52%
Adam Sandler New Hampshire
52%
Steve Harvey West Virginia
52%
Tom Arnold Iowa
50%
Davy Crockett Tennessee
50%
Bob Barker South Dakota
48%
Nick Jonas Texas
48%
Jackson Pollock Wyoming
48%
Aaron Paul Idaho
45%
Freddy Prince Jr. New Mexico
45%
Josh Duhamel North Dakota
45%
Amelia Earhart Kansas
43%
Bryce Harper Nevada
43%
Kevin Hart Pennsylvania
43%
Doug Jones Indiana
40%
Joshua Chamberlain Maine
40%
David Spade Michigan
40%
Gary Cooper Montana
40%
Chadwick Boseman South Carolina
40%
Don Lind Utah
40%
Meg Ryan Connecticut
38%
Bernie Mac Illinois
38%
Viola Davis Rhode Island
38%
Bob Gibson Nebraska
36%
Tim Daly Vermont
36%
Harry Houdini Wisconsin
36%
Yogi Berra Missouri
26%
No matching quizzes found
Score Distribution
Percent of People with Each Score
Percentile by Number Answered
Your Score History
You have not taken this quiz